000 01170nam a2200229Ia 4500
001 L220-4125
003 IT-CnALBA
008 170116s9999||||xx |||||||||||||| ||und||
040 _aIT-CnALBA
_cIT-CnALBA
041 _aBILINGUE
100 _aMOSÈ, PROFETA
245 0 _aSACRA SCRITTURA GIUSTA LA VOLGATA. VECCHIO TESTAMENTO LATINO E ITALIANO. GENESI. TOMO I.
250 _a1a ed.
260 _a GE LUGDUNI
_bOLZATI AGOST., STAMPERIA
_c1787 [1° Ed.:1787 - Ed.Ling.Originale: 1787]
300 _a476 p. (prefazione: 112)
500 _aVOLUME ILLUSTRATO. SPIEGAZIONI LETTERALI E SPIRITUALI TRATTE DAI SS. PADRI E AUTORI ECCLESIASTICI DA DON LUIGI ISACCO, LE MAISTRE DE SACY, TRADOTTE DAL FRANCESE. DONO DI DON BERTERO GIUSEPPE DELLA SSP.
501 _aSocietà San Paolo EM - Piazza San Paolo, 14 - 12051 ALBA (CN) (non commercial uses only) ® Copyright 2017
520 _aVOLUME ILLUSTRATO. SPIEGAZIONI LETTERALI E SPIRITUALI TRATTE DAI SS. PADRI E AUTORI ECCLESIASTICI DA DON LUIGI ISACCO, LE MAISTRE DE SACY, TRADOTTE DAL FRANCESE. DONO DI DON BERTERO GIUSEPPE DELLA SSP.
650 _aBIBBIA - TESTI E COMMENTI
942 _cBK
957 _71
999 _a5103
_bSI
_g Copie: 1
_c263311
_d263311